M'han baixat els fums [Objecte] : campanya de revisió mediambiental de cotxes campanya de revisió mediambiental de cotxes
Descripción Física:
1adhesius : il. col. ; 7 x 17cm
MARC
| LEADER | 00000nam a2200000Ia 4500 | ||
|---|---|---|---|
| 001 | 21253 | ||
| 008 | 160829s199-?] xx 000 0 cat d | ||
| 080 | |a NBM-2-9 | ||
| 245 | |a M'han baixat els fums [Objecte] : |b campanya de revisió mediambiental de cotxes | ||
| 260 | |a [Barcelona : |b Diputació de Barcelona. Servei de Medi Ambient, |c 199-?] | ||
| 300 | |a 1adhesius : |b il. col. ; |c 7 x 17cm | ||
| 590 | |a Núm. de full registral: 4671 | ||
| 710 | 1 | |a Barcelona (Catalunya : Província). |b Servei de Medi Ambient |9 53475 | |
| 901 | |a Arxiu | ||
| 942 | |n 1 | ||
| 952 | |0 0 |1 0 |4 0 |6 NBM29 |7 1 |9 49946 |a Arxiu |b Arxiu |d 2016-12-01 |l 0 |o NBM-2-9 |p 21253 |r 2016-12-01 00:00:00 |w 2016-12-01 |y ARXIU | ||
| 999 | |c 53788 |d 53788 | ||